| 000 | 00594nam a2200169 i 4500 | ||
|---|---|---|---|
| 001 | 34631 | ||
| 003 | ES-MaACL | ||
| 005 | 20230906154952.0 | ||
| 007 | t| | ||
| 008 | 030207s1902 sp ||||1| spa d | ||
| 100 | 1 |
_aBonilla y San Martín, Adolfo, _d1875-1926 _930193 |
|
| 245 | 1 | 3 |
_aEl arte simbólico _b: ensayo de una teoría de las formas artísticas / _cAdolfo Bonilla y San Martín. |
| 260 |
_aMadrid : _b[s.n.], _c1902 ( _fTip. de la Viuda é hijos de Tello) |
||
| 300 |
_a54 p. ; _c23 cm. |
||
| 852 |
_aES-MaACL _jT-1000-F-4 _q. - Ded. autógr. del autor |
||
| 999 |
_c34631 _d34631 |
||